El cristianismo en el norte de Africa / (Record no. 12410)

MARC details
000 -LEADER
campo de control de longitud fija 00849nam a22002655i 4500
001 - NÚMERO DE CONTROL
campo de control 12410
003 - IDENTIFICADOR DE NÚMERO DE CONTROL
campo de control ES-MaACL
005 - FECHA Y HORA DE LA ÚLTIMA TRANSACCIÓN
campo de control 20230906150316.0
007 - CAMPO FIJO DE DESCRIPCIÓN FÍSICA--INFORMACIÓN GENERAL
campo de control de longitud fija t|
008 - DATOS DE LONGITUD FIJA--INFORMACIÓN GENERAL
campo de control de longitud fija 931122s1993 sp ||||0| spa j
020 ## - NÚMERO INTERNACIONAL ESTÁNDAR DEL LIBRO
Número Internacional Estándar del Libro 84-7100-611-1
080 ## - NÚMERO DE LA CLASIFICACIÓN DECIMAL UNIVERSAL
Número de la Clasificación Decimal Universal 28(6)(091)"
245 03 - MENCIÓN DEL TÍTULO
Título El cristianismo en el norte de Africa /
Mención de responsabilidad, etc. Henri Teissier, Ramón Lourido Díaz (coordinadores) ; Alphonse Georger...[et al.].
260 ## - PUBLICACIÓN, DISTRIBUCIÓN, ETC.
Lugar de publicación, distribución, etc. Madrid :
Nombre del editor, distribuidor, etc. MAPFRE,
Fecha de publicación, distribución, etc. D.L. 1993.
300 ## - DESCRIPCIÓN FÍSICA
Extensión 298 p. ;
Dimensiones 23 cm.
490 1# - MENCIÓN DE SERIE
Mención de serie Colección El Magreb ;
Designación de volumen o secuencia 6
500 ## - NOTA GENERAL
Nota general Indices.
650 14 - PUNTO DE ACCESO ADICIONAL DE MATERIA--TÉRMINO DE MATERIA
Término de materia o nombre geográfico como elemento de entrada Cristianismo-
Subdivisión geográfica Africa-
Subdivisión de forma Historia.
9 (RLIN) 11427
700 1# - ENTRADA AGREGADA--NOMBRE PERSONAL
Nombre de persona Teissier, Henri.
9 (RLIN) 109529
700 1# - ENTRADA AGREGADA--NOMBRE PERSONAL
Nombre de persona Lourido Díaz, Ramón.
9 (RLIN) 74330
700 1# - ENTRADA AGREGADA--NOMBRE PERSONAL
Nombre de persona Georger, Alphonse.
9 (RLIN) 56390
830 0# - PUNTO DE ACCESO ADICIONAL DE SERIE-TÍTULO UNIFORME
Título uniforme Colección El Magreb ;
Designación de volumen o secuencia 6
9 (RLIN) 178985
852 ## - LOCALIZACIÓN
Ubicación ES-MaACL
Número de control de estantería L-19727
Sublocalización o colección R.124186
Holdings
Estatus retirado Estado de pérdida Estado de daño No para préstamo Biblioteca de origen Biblioteca actual Ubicación en estantería Fecha de adquisición Fuente de adquisición Total de préstamos Signatura topográfica completa Código de barras Visto por última vez Precio de reemplazo Tipo de ítem Koha
        Biblioteca del Ateneo de Madrid Biblioteca del Ateneo de Madrid Depósito 2 17/01/2008     L-19727 1012645 23/02/2023 23/02/2023 Libro impreso